000
00360nam a2200169Ia 4500
100
_a
Deshpande/P.S/ Kakde/O.G
650
_a
Data structures
942
_c
BK
366
_f
25
654
_a
data structures
245
_a
C & Data structures
260
_b
Dreamtech
_c
2005
082
_b
DES
300
_a
700
546
_a
ENGLISH
_c
Computers
999
_c
29635
_d
29635